Logo BPK

Biblioteka

Politechniki Koszalińskiej

The Kriton Curi international symposium on environmental management in the Mediterranean Region : (Rekord nr 33236)

Szczegóły MARC
000 -ETYKIETA REKORDU
podpole kontrolne o stałej długości 00779nam a2200217 i 4500
001 - NUMER KONTROLNY REKORDU
pole kontrolne bg
020 ## - MIĘDZYNARODOWY ZNORMALIZOWANY NUMER KSIĄŻKI - ISBN
ISBN 9755181156
040 ## - ŹRÓDŁO KATALOGOWANIA
Instytucja, która utworzyła rekord BPK
041 0# - KOD JĘZYKA
Kod języka tekstu pl
080 ## - UNIWERSALNA KLASYFIKACJA DZIESIĘTNA - UKD
UKD 504(560)(061.3)
920 ## - Międzynarodowy znormalizowany numer książki – ISBN
ISBN 975-518-115-6
008 - POLE O STAŁEJ DŁUGOŚCI - DANE KONTROLNE
podpole kontrolne o stałej długości s pl f |000 0 pol
245 40 - TYTUŁ/ODPOWIEDZIALNOŚĆ
Tytuł The Kriton Curi international symposium on environmental management in the Mediterranean Region :
Ciąg dalszy tytułu [Turkey, 11-20 June 1998] : proceedings.
Oznaczenie części/sekcji dzieła Vol. 2 /
Pozostałe elementy strefy tytułu i oznaczenia odpowiedzialności ed. Günay Kocasoy.
260 ## - STREFA ADRESU WYDAWNICZEGO
Miejsce wydania Istanbul :
Nazwa wydawcy/dystrybutora Bo~4gaziçi University,
Data publikacji, dystrybucji/powstania dokumentu 1998.
300 ## - STREFA OPISU FIZYCZNEGO
Objętość [14], 527-984, [11] :
Inne cechy fizyczne fot., rys., wykr. ;
Rozmiary 25 cm.
650 #9 - HASŁO PRZEDMIOTOWE W FORMIE NAZWY OGÓLNEJ LUB JEDNOSTKOWEJ
Nazwa ogólna lub geograficzna Środowisko człowieka
Określnik ogólny higiena i ochrona
Określnik geograficzny Turcja
650 #9 - HASŁO PRZEDMIOTOWE W FORMIE NAZWY OGÓLNEJ LUB JEDNOSTKOWEJ
Nazwa ogólna lub geograficzna Środowisko człowieka
Określnik ogólny ekonomika
655 ## - TERMIN INDEKSOWY - OKREŚLENIE RODZAJU/FORMY DOKUMENTU
Określenie rodzaju/formy dokumentu Materiały konferencyjne
700 1# - HASŁO DODATKOWE - NAZWA OSOBOWA
Nazwa osobowa KOCASOY, Günay.
Określenie związku między hasłem a opisywanym materiałem Red.
856 ## - LOKALIZACJA I DOSTĘP DO ELEKTRONICZNYCH DOKUMENTÓW ZDALNYCH
Link (URL) http://koha.tu.koszalin.pl/cgi-bin/koha/opac-detail.pl?biblionumber=33236
Tekst linku Katalog online BPK
942 ## - DODATKOWE ELEMENTY (KOHA)
Typ dokumentu Książka
Egzemplarze
Wycofany Status egzemplarza Uszkodzony Dostępność Lokalizacja stała Lokalizacja bieżąca Miejsce przechowywania Sygnatura Kod kreskowy Typ dokumentu
      Dostępny Biblioteka Politechniki Koszalińskiej Biblioteka Politechniki Koszalińskiej Wypożyczalnia BG 43161 01339925 Książka
© 2023 Biblioteka Politechniki Koszalińskiej :: KOHA